01108nam a2200277Ia 450000500170000000800410001702000150005802000180007305000200009110000270011124500450013825000180018326000390020130000770024033600100031733700140032733800120034150400410035350501010039451901020049565000240059770000610062194200120068295201190069499900170081320231102151117.0120626s2005 mx a 000 0 spa d a9701053982 a978970105398014aHM251bM94 20051 aMyers, David G.eautor10aPsicología social c / David G. Myers a4a. edición aMéxico b : McGraw-Hillc , 2005 axxvii, 802 páginas bilustraciones, fotografías, gráficas, tablas atexto asin medio avolumen aIncluye: Bibliografía (pp. R1-R97)2 aPensamiento social Influencia social Relaciones sociales Aplicación de la psicología social  aPlan Flexible / bPsicología / cTemas Selectos de Psicología Social (P28-1) / d(17 000553) 14aPSICOLOGÍA SOCIAL aDávila Martínez, José Francisco Javier etraductor 2lcccLB 00102ddc4070a22b22d2010-09-09l17m3oHM251 M94 2005p17 000553r2023-07-29s2019-08-26t1w2012-06-26yLBf c73326d73326